000 01275nam a22003737a 4500
003 OSt
005 20230519101140.0
008 221006b |||||||| |||| 00| 0 eng d
040 _cBiblioteca Lado V
082 _a701.18
_bA658t
100 _9828
_aAraeen, Rasheed
_eeditora
245 _aThird Text/
_bCriticalPerspectives on Contemporary Art & Culture/
260 _bRoutledge
_c2001
_aLondres
300 _c19x25cm
_a96p.
366 _eeng
490 _a56
_v2001
_x0952-8822
505 _aIhab Hassan
505 _aDeborah Cain
505 _aGerardo Mosquera
505 _aVivian Johnson
505 _aXiaoping Lin
505 _aLiese van der Watt
505 _aForum
_gRasheed Araeen Ali Nobil Ahmad
505 _aReviews
_gKathy Battista Valerie Connor
505 _aContributors
650 _2Tesauro de Arte & Arquitectura
_aARTE
_9703
650 _2Tesauro de Arte & Arquitectura
_aCRITICA
650 _2Tesauro de Arte & Arquitectura
_aARTE CONTEMPORANEO
650 _2Tesauro de Arte & Arquitectura
_aAPRECIACION
650 _2Tesauro de Arte & Arquitectura
_aTEORIA
650 _2Tesauro de Arte & Arquitectura
_aANALISIS
651 _2Tesauro de Arte & Arquitectura
_aLONDRES
942 _2ddc
_c1
_h701.18
_iA658t
_n0
999 _c3643
_d3643